|
|
แสดงรายละเอียดบรรณานุกรม |
|
|
Brief Record
: Get Marc (ISO 2709)
: E-mail record
: |
|
|
| LEADER 00000nama 2200000uu 4500 | |||
| 001 183822 | |||
| 003 ULIBM | |||
| 008 040531s2542 th m m a000 0 tha d | |||
| 020 974-8369-83-8 | |||
| 041 tha | |||
| 050 QV766 ส316 | |||
| 100 รุ่งระวี เต็มศิริฤกษ์กุล | |||
| 245 สมุนไพร : ยาไทยที่ควรรู้ / บรรณาธิการ โดยรุ่งระวี เต็มศิริฤกษ์กุล...(และคนอื่นๆ) 001 | |||
| 260 อมรินทร์พริ้นติ้ง กรุงเทพฯ 2542 | |||
| 300 176 หน้า | |||
| 998 2001-01-28 | |||
| คุณยังไม่ได้ล็อกอิน คุณสามารถมีกิจกรรมร่วมกับเว็บไซต์ได้ แต่ต้องล็อกอินก่อน :: |
|
| สถานะ | |||||||||
| 1. | หนังสือทั่วไป สถานะ=หนังสือเก่า - บริการ ณ ห้องสมุด (ห้องเหลือง) | QV766 ส316 2542 | On Shelf ขอยืม | ||||||
| Note:บริจาค | |||||||||
| [แสดง 1/1 รายการ] | |||||||||
BibComment |
| คอมเมนท์ทรัพยากรรายการนี้ |
|
|